Dog Breeds That Start With C - Statistics

General Stats
  • This quiz has been taken 61 times
  • The average score is 7 of 24
Answer Stats
Answer % Correct
Chihuahua
71%
Cocker Spaniel
71%
Collie
66%
Cavalier King Charles Spaniel
61%
Chow Chow
61%
Cane Corso
29%
Chesapeake Bay Retriever
29%
Chinese Crested
29%
Cairn Terrier
27%
Cardigan Welsh Corgi
22%
Cesky Terrier
22%
Chinese Shar-Pei
20%
Chinook
20%
Clumber Spaniel
20%
Curly-Coated Retriever
20%
Canaan Dog
17%
Carolina Dog
17%
Croatian Sheepdog
15%
Coton de Tulear
12%
Catahoula Leopard Dog
10%
Central Asian Shepherd Dog
7%
Cirneco dell'Etna
7%
Czechoslovakian Vlciak
7%
Caucasian Shepherd Dog
5%
No matching quizzes found
Score Distribution
Percent of People with Each Score
Percentile by Number Answered
Your Score History
You have not taken this quiz